Central Library OPAC University of Rajshahi

Modular co-ordination of low-cost housing / (Record no. 2650)

MARC details
000 -LEADER
fixed length control field 01128cam a2200325 4500
001 - CONTROL NUMBER
control field 2650
003 - CONTROL NUMBER IDENTIFIER
rucl marc code BD-RjUL
005 - DATE AND TIME OF LATEST TRANSACTION
control field 20211208233609.0
008 - FIXED-LENGTH DATA ELEMENTS--GENERAL INFORMATION
fixed length control field 720215s1970 nyuae b 000 0 eng
020 ## - INTERNATIONAL STANDARD BOOK NUMBER
Terms of availability : Tk. 56.00
035 ## - SYSTEM CONTROL NUMBER
System control number (BD-RjUL)2677
040 ## - CATALOGING SOURCE
Original cataloging agency DLC
Transcribing agency DLC
Modifying agency DLC
-- BD-RjUL
Language of cataloging eng
041 ## - LANGUAGE CODE
Language code of text/sound track or separate title eng
051 ## - LIBRARY OF CONGRESS COPY, ISSUE, OFFPRINT STATEMENT
Classification number TH860
Item number .U554
Copy information Copy 2.
082 00 - DEWEY DECIMAL CLASSIFICATION NUMBER
Classification number 720
Edition number 23
Author mark and year UNM 1970
110 2# - MAIN ENTRY--CORPORATE NAME
Corporate name or jurisdiction name as entry element United Nations.
Subordinate unit Department of Economic and Social Affairs.
9 (RLIN) 158670
245 10 - TITLE STATEMENT
Title Modular co-ordination of low-cost housing /
Statement of responsibility, etc. United Nations. Department of Economic and Social Affairs.
260 ## - PUBLICATION, DISTRIBUTION, ETC. (IMPRINT)
Place of publication, distribution, etc. New York :
Name of publisher, distributor, etc. United Nations,
Date of publication, distribution, etc. 1970.
300 ## - PHYSICAL DESCRIPTION
Pagination x, 220 p. :
Illustrations ill. ;
Size 28 cm.
350 ## - PRICE (NR) (BK AM CF MU VM SE) [OBSOLETE]
Price 3.50
410 20 - SERIES STATEMENT/ADDED ENTRY--CORPORATE NAME [OBSOLETE, CAN/MARC], [LOCAL, USA]
Corporate name or jurisdiction name as entry element [United Nations.
Title of a work Document]
Volume number/sequential designation ST/SOA/90
500 ## - GENERAL NOTE
General note "United Nations publication. Sales no.: E.69.IV.5."
504 ## - BIBLIOGRAPHY, ETC. NOTE
Bibliography, etc Includes bibliographical references.
650 #0 - SUBJECT ADDED ENTRY--TOPICAL TERM
Topical term or geographic name as entry element Modular coordination (Architecture)
9 (RLIN) 158666
Topical term or geographic name as entry element Working class
General subdivision Dwellings.
9 (RLIN) 158667
Topical term or geographic name as entry element Housing.
9 (RLIN) 158668
830 ## - SERIES ADDED ENTRY--UNIFORM TITLE
Uniform title United Nations Document ;
Volume number/sequential designation ST/SOA/90
942 ## - ADDED ENTRY ELEMENTS (KOHA)
Source of classification or shelving scheme Dewey Decimal Classification
Koha item type Books
Holdings
Lost status Source of classification or shelving scheme Damaged status Not for loan Collection code Permanent Location Current Location Shelving location Date acquired Source of acquisition Cost, normal purchase price Total Checkouts Full call number Date last seen Copy number Koha item type
  Dewey Decimal Classification   Not For Loan Non-fiction Central Library, University of Rajshahi Central Library, University of Rajshahi Reading Room 24/09/1974 Gono Prakashani, Dacca 56.00   720 UNM 1970 03/10/2016 C-1 Books